Leasing

Pojem a charakteristika leasingu. Na základe rozdielnych zmluvných podmienok rozlišujeme: 1. operačný leasing (priamy vzťah medzi výrobcom a nájomcom), 2. finančný leasing (nepriamy vzťah - výrobca, leasingová spoločnosť, nájomca). Vývoj leasingu u nás.

Guardado en:
Detalles Bibliográficos
Autor principal: Tkáčová, Daniela, 1954-
Formato: Capítulo de libro
Lenguaje:eslovaco
Materias:
Etiquetas: Agregar Etiqueta
Sin Etiquetas, Sea el primero en etiquetar este registro!

MARC

LEADER 00000naa a2200000 4500
001 r018683
005 20221213095357.5
041 0 |a slo 
044 |a SK 
245 1 0 |a Leasing  |c Dana Tkáčová 
520 |a Pojem a charakteristika leasingu. Na základe rozdielnych zmluvných podmienok rozlišujeme: 1. operačný leasing (priamy vzťah medzi výrobcom a nájomcom), 2. finančný leasing (nepriamy vzťah - výrobca, leasingová spoločnosť, nájomca). Vývoj leasingu u nás. 
610 2 0 |a lízing 
610 2 0 |a lízing finančný 
610 2 0 |a lízing operatívny 
610 2 0 |a prenájom 
610 2 0 |a operácie obchodné 
610 2 0 |a pojmy 
610 2 0 |a spoločnosti lízingové 
610 2 0 |a Slovensko 
100 1 |a Tkáčová, Daniela, 1954-